Classement perpétuel de la Coupe d'Europe de rugby à XV. - Statistiques

Statistiques générales
  • Ce quiz a été pris 202 fois
    24 depuis la dernière actualisation
  • Le résultat moyen est 14 sur 20
Statistiques - réponses
# Points V N Bo Bd Club Saisons % Correct
2 719 150 7 75 30 Stade toulousain 27
100%
13 287 58 1 33 20 Biarritz olympique 13
92%
1 720 151 5 82 24 Leinster 28
92%
7 386 78 2 46 24 ASM Clermont 17
88%
14 285 57 2 34 19 Stade français Paris 15
88%
3 653 135 6 67 34 Munster Rugby 28
88%
4 647 112 5 65 24 Leicester Tigers 26
88%
5 392 82 2 36 24 Ulster Rugby 28
79%
17 259 50 4 32 19 Racing 92 14
75%
12 293 57 3 26 33 Bath rugby 18
71%
6 388 82 2 41 15 Saracens 16
71%
15 280 55 3 27 27 Glasgow Warriors 23
71%
19 220 46 1 24 10 USA Perpignan 12
71%
8 383 76 1 38 23 Northampton Saints 20
67%
9 372 74 4 47 21 Wasps 18
58%
18 245 47 4 28 21 Harlequins 17
46%
16 270 52 6 25 25 Ospreys | Swansea RFC 24
42%
11 294 60 4 26 20 Cardiff Rugby | Cardiff RFC 21
42%
10 330 66 4 31 27 Llanelli Scarlets | Llanelli RFC 24
42%
20 219 45 1 25 12 Gloucester RFC 12
38%
Aucun quiz correspondant
Distribution des résultats
% des personnes avec chaque résultat
Percentile par nombre de réponses
Votre historique - résultats
Vous n’avez pas pris ce quiz depuis la dernière actualisation